| 000 | 00673nam a22001817a 4500 | ||
|---|---|---|---|
| 005 | 20100723153126.0 | ||
| 010 | _aENG- 96615 | ||
| 020 |
_a9788128821165 _c95.00 |
||
| 035 | _aEN- 80148 | ||
| 037 | _bDBAD/PUB | ||
| 100 |
_aJoginder Singh _91051 |
||
| 245 |
_aHow to excel, when chips are down / _cby Joginder Singh |
||
| 260 |
_aNew Delhi _bDiamond Pocket Books _c2009 |
||
| 270 |
_aX- 30, Okhla Industrial Area, Phase- II _bNew Delhi _e110020 _k011- 41611861 _l011- 41611866 _msales@dpb.in |
||
| 300 |
_a174p. _c21cm, (pbk) |
||
| 942 |
_2ddc _cEN _mJOG |
||
| 999 |
_c37326 _d37326 |
||